| 000 | 00586nam a2200193 i 4500 | ||
|---|---|---|---|
| 001 | 145521 | ||
| 003 | ES-MaACL | ||
| 005 | 20250929063208.0 | ||
| 007 | t| | ||
| 008 | 071015s1955 sp ||||1| spa d | ||
| 100 | 1 |
_aVery, Pierre, _d1900-1960 _9114218 |
|
| 245 | 1 | 3 |
_aEl curandero _b: novela / _cPierre Very ; [traducción del francés por F. Ortega Otero]. |
| 250 | _a1ª ed. | ||
| 260 |
_aBarcelona : _bPlaneta, _c1955. |
||
| 300 |
_a232 p. ; _c19 cm. |
||
| 700 | 0 |
_aOrtega-Otero, Francisco. _987483 |
|
| 852 |
_aES-MaACL _jC-11422 _bR.38209 |
||
| 999 |
_c145521 _d145521 |
||